000 00267nam a22001097a 4500
008 140325t xxu||||| |||| 00| 0 eng d
020 _a9780716798866
100 _aBenjamin A. Pierce
_9812
245 _aGenetics a conceptional approach
300 _a708
942 _2ddc
_cBK
999 _c17060
_d17060